LEADER 00950nam0-22003251i-450- 001 990000997320403321 010 $a3-7643-0546-0 035 $a000099732 035 $aFED01000099732 035 $a(Aleph)000099732FED01 035 $a000099732 100 $a20000920d1973----km-y0itay50------ba 101 0 $aeng 200 1 $aAnalyse fonctionnelle$eThéorie constructive des espaces linéaires à semi-normes$fpar H.G. Garnir, M. De Wilde et J. Schmets 210 $aBasel$cBirkhauser$d1973 225 1 $aMathematische Reihe$v45 610 0 $aAnalisi funzionale 610 0 $aAlgebre astratte 676 $a517.00//517.36 700 1$aGarnir,$bHenry G.$0346321 702 1$aDe Wilde,$bM. 702 1$aSchmets,$bJean 801 0$aIT$bUNINA$gRICA$2UNIMARC 901 $aBK 912 $a990000997320403321 952 $a14A-121.002$b9300$fFI1 959 $aFI1 996 $aAnalyse fonctionnelle$9354312 997 $aUNINA DB $aING01 LEADER 01118nam--2200373---450- 001 990001843470203316 005 20070619141559.0 035 $a000184347 035 $aUSA01000184347 035 $a(ALEPH)000184347USA01 035 $a000184347 100 $a20040712d1956----km-y0itay0103----ba 101 0 $aita 102 $aIT 105 $aa|||||||001yy 200 1 $aNuove esperienze urbanistiche in Italia$fIstituto Nazionale di Urbanistica 210 $aRoma$cIstituto Nazionale di Urbanistica$d1956 215 $aIX, 301 p.$cill.$d25 cm. 410 0$12001 454 1$12001 461 1$1001-------$12001 606 0 $aUrbanistica$xSaggi$yItalia 676 $a711.45 710 02$aIstituto nazionale di urbanistica$0285211 801 0$aIT$bsalbc$gISBD 912 $a990001843470203316 951 $aIII.1. 3251(VII E 2)$b9226 L.M.$cVII E 959 $aBK 969 $aUMA 979 $aSIAV8$b10$c20040712$lUSA01$h1412 979 $aCOPAT6$b90$c20060113$lUSA01$h1343 979 $aCOPAT6$b90$c20070619$lUSA01$h1415 996 $aNuove esperienze urbanistiche in Italia$9112035 997 $aUNISA LEADER 02062nam0-22005891i-450 001 990000030570203316 005 20180308150856.0 010 $a3-7873-1311-7 035 $a0003057 035 $aUSA010003057 035 $a(ALEPH)000003057USA01 035 $a0003057 100 $a20000914d1997----|||y0itay0103----ba 101 0 $aita 105 $a||||||||001yy 200 1 $aPhilosophisce untersuchungen èuber das Wesen der menschlichen Freiheit und die damit zusammenhèangenden Gegenstèande$fFriedric Wilhelm Joseph Schelling ; hrsg. von Thomas Buchheim. 210 $aHamburg$cF. Meiner Verlag$dc1997 215 $aLXIX, 234 p.$d19 cm. 225 $aPhilosophisce Bibliothek$v503 I 610 $aLibertáa 676 $a123. 5 700 1$aSCHELLING,$bFriedrich Wilhelm Joseph : von$0151913 702 1$aBURCHHEIM,$bThomas 912 $a990000030570203316 951 $aII.1 Coll.76/ 503 (IV A Coll. 243/503)$b137951 L.M.$cIV A Coll. 951 $aII.1 Coll.76/ 503a (IV A Coll. 243/503 BIS)$b151036 LM$cIV A Coll. 951 $aAA 193 SCH$b2802 FIL 959 $aBK 969 $aUMA 969 $aFIL 979 $c20000914$lUSA01$h1714 979 $c20000919$lUSA01$h1046 979 $c20000919$lUSA01$h1520 979 $c20001019$lUSA01$h1054 979 $c20001019$lUSA01$h1451 979 $c20001019$lUSA01$h1459 979 $c20001019$lUSA01$h1536 979 $c20001024$lUSA01$h1512 979 $c20001027$lUSA01$h1517 979 $c20001027$lUSA01$h1521 979 $c20001110$lUSA01$h1708 979 $c20001124$lUSA01$h1205 979 $aPATTY$b90$c20020122$lUSA01$h1414 979 $c20020403$lUSA01$h1610 979 $aPATRY$b90$c20040406$lUSA01$h1604 979 $aCOPAT4$b90$c20050607$lUSA01$h1431 979 $c20121027$lUSA01$h1541 979 $c20121027$lUSA01$h1605 979 $c20121027$lUSA01$h1610 996 $aPhilosophisce untersuchungen èuber das Wesen der menschlichen Freiheit und die damit zusammenhèangenden Gegenstèande$91499991 997 $aUNISA DEB $aSA0003596